000 00481nam a22001937a 4500
003 MPLRDC
005 20220104144152.0
008 210129b ||||| |||| 00| 0 eng d
020 _a983-9048-48-1
082 _a868.71 HG c.2
100 _a韩弓
245 _a未婚人
_c
250 _a第一版
260 _a
_b东方企业有限公司
_c1999
300 _b
490 _a热带文学艺术俱乐部创作丛书
650 _a马华文学
942 _cBK
_o868.71 HG c.2
999 _c47036
_d47026